Представление документа в формате MARC21

Поле Инд. ПП Название Значение
Тип записи a
Библиографический уровень b
001 Контрольный номер 2662d4e242614f00a1886a4a12272ee2
005 Дата корректировки 20250513163606.5
024 80 a Стандартный номер 10.1103/PhysRevB.111.134501
040 a Служба первич. каталог. Scopus
b Код языка каталог. rus
041 0_ a Код языка текста eng
097 a Костяева О.Г.
100 1_ a Автор Marychev P. M.
100 1_ a Автор Nikonov E. G.
c Титул (звания) старший научный сотрудник; доктор физико-математических наук; профессор (должность);
i 000089071
g Прочие сведения РИНЦ AuthorID: 10316 (http://elibrary.ru/author_items.asp?authorid=10316); Scopus Author ID: 6603099928 (https://www.scopus.com/authid/detail.uri?origin=resultslist&authorId=6603099928&zone=)
j Принадлежность неизвестного автора к последователям, ученикам, сторонникам, школе и т. д. государственный университет "Дубна"
k Институт системного анализа и управления; Кафедра распределенных информационных вычислительных систем
q Полное имя Никонов Эдуард Германович
u Дополнение Никонов Э. Г.
100 1_ a Автор Stolyarov V. S.
100 1_ a Автор Vagov A.
245 10 a Заглавие Crossover between types I and II in diffusive superconductors: Perturbative study
513 a передано и. о. проректора по научной работе и инновациям
b 13.05.2025
773 18 t Название источника Physical Review B
b Сведения об издании American Physical Society
c USA
m Специф. данные входит в Белый список; входит в Scopus; входит в WoS; входит в ядро РИНЦ; зарубежный журнал
q У1 Белый список; Q1 Scopus 2023
o Прочие индексы scopus 1.78
x ISSN 2469-9950
w Контрольный № источника 31c95df8741c4a35a2b19404c4c504ed
d Место и дата издания 2025
g Прочая информация V. 111(13). - P. 134501
901 t Тип документа b
952 c Вид литературы статья в журнале